| 000 | 00899nam a2200133Ia 4500 | ||
|---|---|---|---|
| 008 | 100122s9999 xx 000 0 und d | ||
| 082 |
_b46929 _a823 |
||
| 100 | _aगोवंडे श्रीकांत | ||
| 245 | _aदाजीबा आणि रावजी/राजा हरिश्चंद्र/चतुर आंधळा/खेाडकर राजपुत्र/तिसरा वाटा | ||
| 260 |
_bअनमोल प्रकाशन _c1986 |
||
| 630 | _aदाजीबा आणि रावजी/राजा हरिश्चंद्र/चतुर आंधळा/खेाडकर राजपुत्र/तिसरा वाटा | ||
| 730 | _aदाजीबा आणि रावजी/राजा हरिश्चंद्र/चतुर आंधळा/खेाडकर राजपुत्र/तिसरा वाटा | ||
| 942 | _cBOOK | ||
| 999 |
_c425921 _d425918 |
||